Normal view
MARC view
Entry Topical Term
001 - CONTROL NUMBER
- control field: 3223
003 - CONTROL NUMBER IDENTIFIER
- control field: BD-RjUL
005 - DATE AND TIME OF LATEST TRANSACTION
- control field: 20220526163541.0
008 - FIXED-LENGTH DATA ELEMENTS
- fixed length control field: 220526|| aca||aabn | a|a d
040 ## - CATALOGING SOURCE
- Original cataloging agency: BD-RjUL
- Transcribing agency: BD-RjUL
150 ## - HEADING--TOPICAL TERM
- Topical term or geographic name entry element: Plant injuries,
- Form subdivision: Fingus diseases
670 ## - SOURCE DATA FOUND
- Source citation: Work cat.: (BD-RjUL)79863: By Bari, Luthfunnesa 3222, Physico-chemical and enzymatic changes in fruit rot disease infected papaya (Carica papaya L.) /, 2006